الإمبراطورية : (Record no. 24853)
[ view plain ]
| 000 -الفاتح | |
|---|---|
| حقل البيانات ثابتة الطول | 01182nam a22003135a 4500 |
| 003 - محدد رقم الضبط | |
| رقم الضبط | OSt |
| 005 - وقت وتاريخ اخر تعامل مع التسجيلة | |
| رقم الضبط | 20201124141955.0 |
| 008 - عناصر البيانات ثابتة الطول - معلومات عامة | |
| حقل البيانات ثابتة الطول | 170517s2002 su gr 0001 0 ara d |
| 015 ## - | |
| -- | 22 / 3873 |
| 020 ## - الرقم الدولى المعيارى للكتب | |
| الرقم الدولى المعيارى للكتاب | 9960400743 |
| 040 ## - مصدر الفهرسة | |
| وكالة الفهرسة الأصلية | EG-ScBUE |
| لغة الفهرسة | ara |
| وكالة النسخ | EG-ScBUE |
| وكالة التعديل | EG-ScBUE |
| 041 1# - رمز اللغة | |
| رمز لغة النص/ المسارات الصوتية أو العنوان الانفرادي | ara |
| رمز لغة الترجمات و/او الاصلية المتوسطة للنص | eng |
| 082 04 - رقم تصنيف ديوى العشرى | |
| رقم التصنيف | 303.482 |
| رقم المادة | هـ ا ر |
| رقم الطبعة | 22 |
| 100 1# - المدخل الرئيسى - إسم شخصى | |
| الإسم الشخصى | هاردت، مايكل. |
| 240 10 - العنوان الموحد | |
| عنوان موحد | Empire. |
| لغة العمل | Arabic. |
| 245 12 - بيان العنوان | |
| العنوان | الإمبراطورية : |
| بقية العنوان | إمبراطورية العولمة الجديدة / |
| بيان المسئوليه,etc | تأليف مايكل هاردت، أنطونيو نيغري ؛ تعريب فاضل جتكر ؛ راجع النص رضوان السيد. |
| 250 ## - بيان الطبعة | |
| بيان الطبعة | ط. 1. |
| 260 ## - PUBLICATION, DISTRIBUTION, ETC. (IMPRINT) | |
| مكان الناشر او الموزع | الرياض : |
| اسم الناشر او الموزع | العبيكان للنشر، |
| تاريخ النشر أو التوزيع | 2002. |
| 300 ## - الوصف المادى | |
| التعداد | 592 ص. ؛ |
| أبعاد الوعاء | 24 سم. |
| 500 ## - تبصرة عامة | |
| تبصرة عامة | يشتمل على كشاف. |
| 546 ## - تبصرة اللغة | |
| تبصرة اللغة | النص باللغة العربية ؛ مترجم من اللغة الإنجليزية. |
| 650 #7 - المدخل الاضافى بالموضوع-مصطلح موضوعى | |
| مصدر الرأس أو المصطلح | BUEsh |
| مصطلح موضوعي أو اسم جغرافي كعنصر مدخل | العولمة. |
| 9 (RLIN) | 8057 |
| 650 #7 - المدخل الاضافى بالموضوع-مصطلح موضوعى | |
| مصطلح موضوعي أو اسم جغرافي كعنصر مدخل | السياسة الدولية. |
| 9 (RLIN) | 17594 |
| مصدر الرأس أو المصطلح | BUEsh |
| 651 ## - المدخل الاضافى بالموضوع - اسم جغرافى | |
| مصدر الرأس أو المصطلح | BUEsh |
| 653 ## - مصطلح تكشيفى غير مقيد | |
| Resource For college | Generalities |
| Arrived date list | May2017 |
| 700 1# - المدخل الاضافى - اسم شخصى | |
| الإسم الشخصى | نيغري، أنطونيو. |
| 700 1# - المدخل الاضافى - اسم شخصى | |
| الإسم الشخصى | جتكر، فاضل، |
| الدور | مترجم. |
| 942 ## - عناصر المدخل الإضافي( كوها) | |
| مصدر التصنيف او مخطط الترفيف | Dewey Decimal Classification |
| حالة التراجع | حالة الفقد | مصدر التصنيف او خطة الترفيف | حالة تلف | ليس للاعارة | مجموعات كوها | المكان الدائم | المكان الحالي | موقع الترفيف | تاريخ الاكتساب | Source of acquisition | سعر الشراء الطبيعي | تعداد مسلسل / التسلسل الزمني | رقم الاستدعاء | الباركود | Date last seen | التكلفة | نوع الوعاء | مُعار |
|---|---|---|---|---|---|---|---|---|---|---|---|---|---|---|---|---|---|---|
| Dewey Decimal Classification | العبيكان | Central Library | Central Library | First floor | 22/05/2017 | Purchase | 158.00 | 175534 | 303.482 هـ ا ر | 000041866 | 15/07/2025 | 198.00 | Book - Borrowing | |||||
| Dewey Decimal Classification | العبيكان | Central Library | Central Library | First floor | 23/05/2017 | Purchase | 158.00 | 175534 | 303.482 هـ ا ر | 000041886 | 15/07/2025 | 198.00 | Book - Borrowing | 22/02/2025 |